000 00968nam a22003137a 4500
001 8043
003 FISKH
005 20260309091300.0
008 250819b cb ||||| |||| 00| 0 eng d
020 _a9780439444248
020 _a9780823417940
040 _aFISKH
_beng
_cFISKH
_dFISKH
050 _aHG221 .L433
082 _a332.4
100 _aLeedy, Loreen
_d(1959-)
245 _aFollow the money! /
_cWritten and Illustrated by Lorren Leedy
250 _aThis edition first published in 2002
260 _aNew York :
_bScholastic,
_c2002
300 _a30 unnumbered pages :
_bcolor illustrations ;
_c24 cm
505 _aN
520 _aA quarter describes all the ways it is used from the time it is minted until it is taken back to a bank.
521 8 _a540
_bLexile
521 8 _aN
_bRaz-Plus
650 _2Math
_aMath Stories
650 _2Money
_aPaying
700 _aLeedy, Loreen
_dillustrator
942 _2ddc
_cBK
_n0
999 _c8043
_d8043